| 000 -LEADER |
| fixed length control field |
00821nam a22001577a 4500 |
| 003 - CONTROL NUMBER IDENTIFIER |
| control field |
OSt |
| 005 - DATE AND TIME OF LATEST TRANSACTION |
| control field |
20151104145117.0 |
| 008 - FIXED-LENGTH DATA ELEMENTS--GENERAL INFORMATION |
| fixed length control field |
151104b xxu||||| |||| 00| 0 eng d |
| 040 ## - CATALOGING SOURCE |
| Transcribing agency |
RUA |
| 082 ## - DEWEY DECIMAL CLASSIFICATION NUMBER |
| Classification number |
FOR UON 1999 B125 Or.1 |
| 100 ## - MAIN ENTRY--PERSONAL NAME |
| 9 (RLIN) |
3346 |
| Personal name |
UONG, BUNLONG. |
| 245 ## - TITLE STATEMENT |
| Title |
The management and usage of forest resources by tradition of local communities in poy commune o' chum district rattananiri province, ការគ្រប់គ្រង និងការប្រើប្រាស់ធនធានព្រៃឈើតាមលក្ខណៈប្រពៃណីរបស់សហគមន៏មូលដ្ឋានក្នុងឃុំប៉ូយ ស្រុកអូរជុំ ខេត្តរនៈគីរី |
| 260 ## - PUBLICATION, DISTRIBUTION, ETC. (IMPRINT) |
| Place of publication, distribution, etc. |
Phmon Penh |
| Name of publisher, distributor, etc. |
RUA |
| Date of publication, distribution, etc. |
1999 |
| 300 ## - PHYSICAL DESCRIPTION |
| Extent |
62p. |
| Other physical details |
ill. |
| Dimensions |
29cm. |
| 942 ## - ADDED ENTRY ELEMENTS (KOHA) |
| Source of classification or shelving scheme |
|
| Koha item type |
FOR |